[Event "World-ch Carlsen-Caruana"]
[Site "London"]
[Date "2018.11.22"]
[Round "10"]
[White "Caruana, Fabiano"]
[Black "Carlsen, Magnus"]
[Result "1/2-1/2"]
[WhiteElo "2832"]
[BlackElo "2835"]
[Annotator "Shankland,Samuel L"]
[PlyCount "107"]
[EventDate "2018.11.09"]
[EventType "match"]
[EventRounds "12"]
[EventCountry "GBR"]
[SourceTitle "CBM 187"]
[Source "ChessBase"]
[SourceDate "2018.12.11"]
[SourceVersion "1"]
[SourceVersionDate "2018.12.11"]
[SourceQuality "1"]

{The 10th game of the World Championship match was the most back and forth affair of any game thus far. There were plenty of games where one side did not make the most of their chances, but this has been the only one where I thought both players at some point had very real winning chances.} 1. e4 c5 2. Nf3 Nc6 {Magnus stays true to his Rossolimo/Sveshnikov repertoire for the 5th time in a row. Starting from game 5, I have expected him to pivot every single game, and been wrong every single time. Perhaps he will just play this the whole way through?} 3. d4 {Caruana eschews Bb5, which he chose in his first 3 White games.} cxd4 4. Nxd4 Nf6 5. Nc3 e5 6. Ndb5 d6 7. Nd5 {I was a bit surprised to see Caruana enter the same line as game 8. Even though he got an excellent position in that game, he had to figure Magnus would have come with improvements, and the line is supposed to be okay for Black.} (7. Bg5 {Leads to the mainline Sveshnikov.}) 7... Nxd5 8. exd5 Nb8 9. a4 Be7 10. Be2 O-O 11. O-O Nd7 12. b4 $5 {The first major deviation. Caruana chose Bd2 in the previous game. Still, the move does not look too impressive to me.} (12. Bd2 {Carlsen misplayed the position and quickly ended up worse.}) 12... a6 13. Na3 a5 $5 {A very commital decision, but not a bad one. Magnus forces the queenside open right away, a fearless decision against a prepared opponent, but he had other options.} (13... b6 {Appeals the most to me. Black tries to keep the queenside closed and will look for his own counterplay with f7-f5. In fact, I actually prefer Black in a practical game here.}) 14. bxa5 Rxa5 15. Nc4 Ra8 16. Be3 {Caruana was still playing very fast. He probably was in his preparation.} ({RR} 16. Bd2 b6 17. a5 Ba6 18. axb6 Nxb6 19. Ne3 Bxe2 20. Qxe2 Qd7 21. Ra6 Na4 22. Ra1 Rxa6 23. Qxa6 Nc5 24. Qa7 Qxa7 25. Rxa7 Bg5 26. h4 Bh6 27. Bb4 Bxe3 28. fxe3 Ne4 29. Rd7 Rc8 30. Bxd6 Nf6 {Martins,B (2378)-Silva,P (2278) Matosinhos POR 2025 1-0 (42)}) 16... f5 $1 {Black absolutely needs counterplay, and f5-f4 is coming. However, unlike game 8, here White cannot comfortabll play f2-f4 himself to keep his kingside secure.} 17. a5 (17. f4 {Black is absolutely fine after} exf4 18. Bxf4 Nb6 (18... g5 $5 {If Black is in a feisty mood})) 17... f4 $1 18. Bb6 Qe8 $146 {The battle lines are drawn. White clearly has an edge on the queenside, Black's pieces (particularly the c8-bishop and d7-knight) look a little clumsy, and the b6 square could prove to be a problem. But Black's kingside pawn mass promises him decent counterplay.} ({RR} 18... Nxb6 19. Nxb6 Rb8 20. Bg4 Bf5 21. Bxf5 Rxf5 22. Qd3 Rg5 23. c4 Qc7 24. Rfd1 Rf8 25. c5 f3 26. g3 Rg4 27. cxd6 Bxd6 28. Rac1 Qf7 29. Nc4 Bb8 30. d6 Rd4 31. Qc3 Qd5 32. Ne3 Qxd6 33. Qb3+ {Seo,J (2455)-Urh,Z (2195) Uppsala 2020 1-0 (43)}) ({RR} 18... Nxb6 19. Nxb6 Rb8 20. Bg4 Bf5 21. Bxf5 Rxf5 22. Qd3 Rg5 23. c4 Qc7 24. Rfd1 Rf8 25. c5 f3 26. g3 Rg4 27. cxd6 Bxd6 28. Rac1 Qf7 29. Nc4 Bb8 30. d6 Rd4 31. Qc3 Qd5 32. Ne3 Qxd6 33. Qb3+ {Seo,J (2455)-Urh,Z (2195) Uppsala 2020 1-0 (43)}) 19. Ra3 {A not so mysterious rook move. It looks pointless now but Black's plan is clearly to launch a kingside attack, and the rook will be a good defender laterally along the third rank.} (19. Re1 {This is the computer's recommendation by a wide margin, but I don't really understand the move? I guess it just serves as some vague prophylaxis against e5-e4. It claims white is better but I am unconvinced because after} Rf6 $1 {Black is ready to challenge the b6-bishop via Be7-d8.}) 19... Qg6 20. Bc7 e4 $1 {Carlsen is in burn the bridges mode. His pawns are vulnerable and could quickly fall if the center were to open at an inopportune moment, but he is looking for direct counterplay against White's king, truly in the style of the Sveshnikov.} (20... Ra6 {A quiet defensive move like this one was surely fine, but I think the World Champion was right to go for it.}) (20... b5 $5 {It was also possible to play in the same manner as the game, only without committing to e5-e4. This could make some sense as the central pawns proved weak.} 21. Nb6 (21. axb6 $2 {It's possible this move annoyed Magnus since e5-e4 no longer works, but it is also insufficient.} Rxa3 22. Nxa3 {The problem is here Black needs a new attacking plan since e5-e4 fails to bring its desired returns.} Nc5 $1 {The b-pawn is well under control, and most importantly, White's pieces are totally unprepared to defend his king. How will the c7-bishop ever contribute to a proper defense? Rf6-h6 is coming and Black should win.} (22... e4 23. Bh5 $1 Qg5 24. Qg4 $1 {White is doing well. Getting his queen to g4 will really lesse any attacking chances Black can hope for})) 21... Nxb6 22. Bxb6 {This leads to a similar position to the game, but Black does not need to play e5-e4 if he so desires. For instance, he seems to have a good position after} b4 23. Rb3 Bf5 $1 {When it is clear there are reasons the pawn is good on e5 as well.}) 21. Kh1 b5 $5 {A very commital move, but not a bad one.} (21... Qh6 {The machines prefer a slower buildup with something like this. Black certainly will have attacking chances by lifting the f8-rook, but I don't mind Magnus's decision either.}) 22. Nb6 $1 (22. axb6 $2 {This would be asking for trouble. I find it unlikely White will survive after the energetic} Rxa3 23. Nxa3 f3 $1 24. gxf3 Ne5 $1 {Black's attack looks devastating.}) 22... Nxb6 23. Bxb6 Qg5 $6 {Technically, this move loses the game against best play, but it comes with a very nasty idea of playing Rf6-h6 and delivering mate on the h-file. A machine with its nerves of steel would have no trouble grabbing h5, but for a human, it looks absurdly dangerous.} 24. g3 {Caruana's move makes a lot of sense. Taking on f4 and bringing the rook to g3 should dispel any mating dreams.} (24. Bxb5 $1 {White could have gotten away with this.} Rf6 {Extreme precision is needed to beat back the attack, but it is possible.} 25. Re1 $1 {An important move. White hits the e4-pawn while simultaneously clearing f1 for the bishop.} Bf5 (25... Rh6 26. Rxe4) (25... Rg6 26. Bf1 Bf5 (26... Ba6 27. Rxe4 $1 $18) 27. a6 Rh6 28. a7 Qh4 29. h3 f3 {This loks absolutely terrifying for a human, but apparently White wins with another only move:} 30. Qd4 $1 $18 {The point is to defend against the threat of Bxh3 followed by Qg4.} Bxh3 31. gxh3 Qg4 32. Rxf3 $1 {No more exf3 thanks to the pin exerted by the queen being on d4. After} Qxf3+ 33. Bg2 {The a-pawn will carry the day. One certainly cannot fault Caruana for not seeing all of this.}) 26. f3 $1 e3 27. a6 Rh6 28. Re2 $3 {An incredibly difficult only move that would have to have been prepared in advance. White is ready to play Qg1 and hold the position together. Even then, the variation continues.} Qh5 29. Qg1 Bh4 30. g4 $1 fxg3 31. Raxe3 $1 {White wins. But this is really just a machine line, and outside of human capability.}) 24... b4 25. Rb3 (25. gxf4 {I would have been tempted to clear the 3rd rank for defensive purposes, and this probably is an easier route to equality. Still, while Caruana's choice gives him some only moves to find, he did find the moves and he objectively was not worse.}) 25... Bh3 26. Rg1 $1 {The rook is needed for defensive purposes.} (26. Re1 Bf6 $1 {Moves like Bc3 or Be5 could come next. White is in trouble.}) 26... f3 {White is under a lot of pressure. Around here I thought Caruana might crack and give Magnus the first decisive result, but he defended very well.} 27. Bf1 $1 {This is a tough move. I would have been tempted to just let the bishop stay on h3, since White can always sacrifice an exchange on g2 very happily and otherwise it's not clear what active role the bishop plays. But it was absolutely critical to play Bf1.} (27. Bb5 $2 {A move like this looks sensible...} Rf6 $1 {Until you realize White will simply be mated on the h-file! Rh6 and Qh5 is coming, and there is nothing to be done.}) 27... Bxf1 $1 (27... Qh5 {Caveman play does not work here since White is in better shape to keep the h-file under control. The queen coming to f1 is very important, for instance after} 28. Rxb4 Rf6 29. Bxh3 Qxh3 30. Be3 $1 {Black will not get Rh6 very easily, and e4 is hanging to boot. White should win.}) 28. Qxf1 $1 {Another important decision. White cannot allow a disaster on the h-file. His position looks awful with the queen and the rook so passively placed and the d5-pawn falling, but he remains solid and can rely on the a5-pawn for counterplay.} (28. Rxf1 $2 {Keeping active pieces comes at a heavy price. After} Qg4 $1 29. Rxb4 Rf5 $1 {White will promptly be mated by Rh5 and Qh3.}) 28... Qxd5 29. Rxb4 Qe6 30. Rb5 $11 {The position is dynamically balanced, but White has to be more careful than Black. He managed without a ton of trouble.} Bd8 31. Qe1 $1 {The queen returns to life.} Bxb6 32. axb6 Rab8 33. Qe3 Qc4 34. Rb2 Rb7 35. Rd1 Qe2 $1 {Setting a devilish trap, though it is not enough to claim an advantage.} 36. Re1 $1 {Far from the only holding move, but I am awarding an exclamation point for not falling for Black's idea.} (36. Qb3+ $2 Kh8 37. c4 {Looks like it traps Black's queen. But the nasty response} Rxb6 $1 $19 {Would promptly turn the tables!}) 36... Qxe3 37. Rxe3 d5 {The position is balanced as neither side can easily mobilize their pawn majority. Black's center looks impressive, but he can't do anything with it so long as he is left with a passive rook on b7.} 38. h4 Rc8 39. Ra3 Kf7 40. Kh2 Ke6 41. g4 Rc6 42. Ra6 Ke5 43. Kg3 h6 44. h5 {The position is some kind of mutual stalemate where neither side can do anything. Magnus tried to make something happen with} Kd4 $2 {But only made trouble for himself after the strong response} 45. Rb5 $1 {When Black has to be somewhat accurate to not get into trouble. Still, he has more than one route to a draw, and Magnus found a very easy one.} Rd6 $1 {Overprotecting the d5-pawn White was planning to harass with Raa5.} 46. Ra4+ Ke5 47. Rab4 Ke6 {Nice and easy. White has no good way to challenge Black's central pawn mass without allowing liquidation.} 48. c4 dxc4 49. Rxc4 Rdxb6 50. Rxe4+ Kf7 51. Rf5+ Rf6 {Black loses a pawn but simplifies into an easily drawn 3 vs 2 on the kingside. Caruana did not even bother trying. His winning chances are approximately zero.} 52. Rxf6+ Kxf6 53. Kxf3 Kf7 54. Kg3 {With only 2 games to go, each player has only one game to try with White. Carlsen gets to go first, and I'll be interested to see what first move he chooses, as well as if we will see a 6th 2.Nf3 Nc6 Sicilian in the final game.} 1/2-1/2

[Event "World-ch Carlsen-Caruana"]
[Site "London"]
[Date "2018.11.24"]
[Round "11"]
[White "Carlsen, Magnus"]
[Black "Caruana, Fabiano"]
[Result "1/2-1/2"]
[WhiteElo "2835"]
[BlackElo "2832"]
[Annotator "Gelfand,Boris"]
[PlyCount "110"]
[EventDate "2018.11.09"]
[EventType "match"]
[EventRounds "12"]
[EventCountry "GBR"]
[SourceTitle "CBM 187"]
[Source "ChessBase"]
[SourceDate "2018.12.11"]
[SourceVersion "1"]
[SourceVersionDate "2018.12.11"]
[SourceQuality "1"]

1. e4 {It is noteworthy that Magnus shuffles beetween 1.d4, 1.c4 and 1.e4, while Fabiano had always started his games with 1.e4.The reason is a totally different attitude to opening preparation by world champion and the challenger.} e5 2. Nf3 Nf6 {I am happy to see that Fabiano sticks to a Petroff, which served him well this year (especially in the Candidates,where he didn't face any problems in this opening) I had successfully used this opening for many years and during World Cup 2009 which I won it was my only weapon. However, before my World Championship match vs Vishy Anand in 2012, I switched to the Sveshnikov (Magnus' choice in this match!) in order to surprise my opponent. It seems that Fabiano has even more trust in Petroff than I had!} 3. Nxe5 d6 4. Nf3 Nxe4 5. Nc3 {One of the most popular systems nowadays.} Nxc3 6. dxc3 Be7 7. Be3 O-O {Here, two schools of thoughts exist. Vladimir Kramnik and myself had always castled short, which is a more ambitious try. More popular is 7...Nc6, followed by Be6, Qd7 and long castle with a solid, but passive position. Fabiano tried it both, but had chosen a more principled approach in this important game.} 8. Qd2 Nd7 9. O-O-O Nf6 (9... Ne5 {was a system I advocated with quite a success, but since then some new, interesting ideas have been found.}) (9... c6 {was Fabiano's choice earlier this year. He equalized convincingly against Levon Aronian.} 10. h4 (10. Kb1 d5 11. c4 Nb6 12. cxd5 Nxd5 13. Bc4 Bf5 14. Bxd5 cxd5 15. Qxd5 Qc8 16. Nd4 Bg6 17. Ka1 Re8 18. Rhe1 Bf6 19. c3 Re5 20. Qb3 a6 21. Bf4 Rxe1 22. Rxe1 Qd7 23. Be5 Re8 24. f4 Bd8 25. a4 h6 26. Rd1 Qg4 27. Rd2 b5 28. axb5 axb5 29. Qd1 Qd7 30. f5 Bg5 31. Rd3 Bxf5 32. Nxf5 Qxf5 33. Bg3 Ra8+ 34. Kb1 Rd8 35. Kc2 b4 36. cxb4 Rc8+ 37. Kb3 Qe6+ 38. Rd5 Rd8 39. Kc4 Qc6+ {0-1 (39) Robson,R (2660)-Caruana,F (2804) Saint Louis 2018}) 10... d5 11. Kb1 Re8 12. Bd3 Bc5 13. Rde1 Bxe3 14. Rxe3 Rxe3 15. Qxe3 Nf6 16. Re1 Qd6 17. Qe8+ Qf8 18. Qxf8+ Kxf8 19. Kc1 Bd7 20. c4 dxc4 21. Bxc4 Re8 22. Rxe8+ Bxe8 23. Kd2 Ke7 24. Ne5 Nd7 25. Nf3 Nf6 26. Ne5 Nd7 27. Nf3 Nf6 28. Ne5 {1/2-1/2 (28) Aronian,L (2780)-Caruana,F (2827) Batumi 2018}) 10. Bd3 ({Fabiano failed to equalize with White in the following game} 10. h3 c5 11. Bf4 Be6 12. a3 d5 13. Ng5 Bd7 14. g4 Bc6 15. Bg2 Re8 16. Qd3 Bd6 {1/2-1/2 (98) Caruana,F (2784)-Hou,Y (2654) Karlsruhe/Baden-Baden 2018}) 10... c5 11. Rhe1 Be6 {Ex-women's world champion Alexandra Kosteniuk is the main advocate of this setup.} 12. Kb1 (12. Bg5 {White won a beautiful game after} h6 $2 13. Bxh6 c4 14. Bxg7 $1 cxd3 15. Qg5 Ne4 16. Qh6 Bg5+ 17. Nxg5 Qxg5+ 18. Qxg5 Nxg5 19. Bxf8 dxc2 20. Rxd6 Kxf8 21. h4 Nh7 22. Kxc2 {1-0 (62) Karjakin,S (2779)-Harikrishna,P (2763) Shamkir 2016 CBM 173 [Mekhitarian,K]}) 12... Qa5 13. c4 Qxd2 14. Bxd2 {Black's position is extremely solid and I believe he has solved all the opening problems. Either Magnus trusted in his ability to exploit minimal advantages or he was not well prepared for this game. I would tend to believe the first option.} h6 {A small deviation from an earlier game.} (14... Rfe8 15. Ng5 Bd7 16. f3 Bc6 17. a3 h6 18. Ne4 Nxe4 19. Bxe4 Bxe4 20. Rxe4 Bf8 21. Bf4 g5 22. Bg3 f5 23. Ree1 Kf7 24. Kc1 Rxe1 25. Rxe1 Re8 26. Rxe8 Kxe8 {1/2-1/2 (48) Sasikiran,K (2671)-Miroshnichenko,E (2606) Saint Louis USA 2018}) 15. Nh4 (15. h3 $5 {would prevent Ng4-e5 ,but give Black time to prepare d6-d5}) 15... Rfe8 16. Ng6 Ng4 17. Nxe7+ Rxe7 18. Re2 Ne5 19. Bf4 (19. Bc3 {was the last attempt to spice things up:} Nxd3 $140 ({Safer is} 19... f6 20. Bxe5 dxe5 21. Bg6 Rd7 $11) 20. Rxd3 Rd7 21. Rg3 g6 22. Rxe6 (22. Bf6 $5) 22... fxe6 23. Rxg6+ Kh7 24. Rxe6 {with a complicated endgame.}) 19... Nxd3 20. Rxd3 Rd7 {The rest of the game is hardly interesting.} 21. Rxd6 $146 ({RR} 21. Red2 Bxc4 22. Rxd6 Rxd6 23. Rxd6 Be6 24. b3 Kf8 25. c4 Ke7 26. Rd2 b6 27. Kb2 Rd8 28. Rxd8 Kxd8 29. Kc3 Bf5 30. h4 Bb1 31. a4 {½-½ (31) Wang Yue (2652)-Wang Hao (2702) Fuling CHN 2024}) ({RR} 21. Red2 Bxc4 22. Rxd6 Rxd6 23. Rxd6 Be6 24. b3 Kf8 25. c4 Ke7 26. Rd2 b6 27. Kb2 Rd8 28. Rxd8 Kxd8 29. Kc3 Bf5 30. h4 Bb1 31. a4 {½-½ (31) Wang Yue (2652)-Wang Hao (2702) Fuling CHN 2024}) 21... Rxd6 22. Bxd6 Rd8 23. Rd2 Bxc4 24. Kc1 b6 25. Bf4 Rxd2 26. Kxd2 a6 ({Avoiding a cute trap:} 26... Bxa2 $2 27. b3 c4 28. Kc3 cxb3 29. Kb2) 27. a3 Kf8 28. Bc7 b5 29. Bd6+ Ke8 30. Bxc5 {Even though White is a full pawn up, this is a dead draw.} h5 31. Ke3 Kd7 32. Kd4 g6 33. g3 Be2 34. Bf8 Kc6 35. b3 Bd1 36. Kd3 Bg4 37. c4 Be6 38. Kd4 bxc4 39. bxc4 Bg4 40. c5 Be6 41. Bh6 Bd5 42. Be3 Be6 43. Ke5 Bd5 44. Kf4 Be6 45. Kg5 Bd5 46. g4 hxg4 47. Kxg4 Ba2 48. Kg5 Bb3 49. Kf6 Ba2 50. h4 Bb3 51. f4 Ba2 52. Ke7 Bb3 53. Kf6 Ba2 54. f5 Bb1 $1 {The only finesse Black should know.} 55. Bf2 Bc2 (55... Bxf5 $4 56. h5) 1/2-1/2

[Event "Tata Steel-A 81st"]
[Site "Wijk aan Zee"]
[Date "2019.01.15"]
[Round "4"]
[White "Carlsen, Magnus"]
[Black "Kramnik, Vladimir"]
[Result "1/2-1/2"]
[WhiteElo "2835"]
[BlackElo "2777"]
[PlyCount "112"]
[EventDate "2019.01.12"]
[EventType "tourn"]
[EventRounds "13"]
[EventCountry "NED"]
[EventCategory "21"]
[SourceTitle "CBM 188"]
[Source "ChessBase"]
[SourceDate "2018.12.21"]
[SourceVersion "1"]
[SourceVersionDate "2018.12.21"]
[SourceQuality "1"]

1. e4 e5 2. Nf3 Nc6 3. Bb5 Nf6 4. d3 Bc5 5. c3 d5 6. Nbd2 dxe4 7. dxe4 O-O 8. O-O Qe7 9. b4 Bd6 10. a3 a5 11. Rb1 axb4 12. axb4 Be6 13. Re1 $146 ({RR} 13. Qe2 Ra2 14. Ng5 Bg4 15. Qc4 Rfa8 16. h3 Bd7 17. Qd3 h6 18. Ngf3 Be6 19. Bc4 Bxc4 20. Nxc4 Qe6 21. Ne3 Rd8 22. Nd5 Nxd5 23. exd5 e4 24. Qc4 Ne5 25. Qxe4 Qg6 26. Qxg6 Nxf3+ 27. gxf3 fxg6 {Moussard,J (2672)-Duda,J (2750) Chennai 2022 ½-½ (38)}) ({RR} 13. Qe2 Ra2 14. Ng5 Bg4 15. Qc4 Rfa8 16. h3 Bd7 17. Qd3 h6 18. Ngf3 Be6 19. Bc4 Bxc4 20. Nxc4 Qe6 21. Ne3 Rd8 22. Nd5 Nxd5 23. exd5 e4 24. Qc4 Ne5 25. Qxe4 Qg6 26. Qxg6 Nxf3+ 27. gxf3 fxg6 {Moussard,J (2672)-Duda,J (2750) Chennai 2022 ½-½ (38)}) 13... Rfd8 14. Qc2 h6 15. Bf1 Ra2 16. Bb2 Qe8 17. Nc4 b5 18. Ne3 Ne7 19. Ra1 Rda8 20. Rxa2 Rxa2 21. Ra1 Rxa1 22. Bxa1 Qa8 23. Bb2 Qxe4 24. Qxe4 Nxe4 25. Bxb5 f5 26. Bd3 Nf6 27. Bf1 g5 28. Nc4 Bxc4 29. Bxc4+ Kg7 30. Nd2 e4 31. Bb3 c6 32. h3 h5 33. Kf1 Kg6 34. Nc4 Bc7 35. Na5 Nd7 36. Ba4 Nb6 37. Bxc6 Nxc6 38. Nxc6 Nc4 39. Bc1 f4 40. f3 exf3 41. gxf3 g4 42. Kg2 Kg5 43. b5 g3 44. Nb4 Ne3+ 45. Bxe3 fxe3 46. Nd3 e2 47. f4+ Bxf4 48. b6 Kf5 49. Kf3 g2 50. Kxg2 Ke4 51. Ne1 Ke3 52. b7 h4 53. c4 Bg3 54. c5 Kd2 55. Nf3+ Kd1 56. c6 Kc1 1/2-1/2